[Event "AUTO-OPEN-1156"]
[Site "http://www.queenalice.com/game.php?id=415021"]
[Date "2008.6.8"]
[Round "1"]
[White "grandmaster1993"]
[Black "Gusto_Mo"]
[Result "1-0"]
[WhiteElo "1624"]
[BlackElo "1505"]

1. e4 e5 2. Nf3 d6 3. d4 exd4 4. Nxd4 Qh4 5. Qf3 Nf6 6. Nf5 Qxe4+ 7. Qxe4+ Nxe4
8. Bd3 Bxf5 9. O-O Bg6 10. Re1 Nd7 11. Bxe4 O-O-O 12. Bg5 f6 13. Bh4 Re8 14. Nc3
Nc5 15. Bxg6 hxg6 16. Rxe8+ Kd7 17. Ree1 Rxh4 18. g3 Rh8 19. Ne4 Nxe4 20. Rxe4
1-0

[Event "AUTO-OPEN-1160"]
[Site "http://www.queenalice.com/game.php?id=416857"]
[Date "2008.6.13"]
[Round "1"]
[White "flodur"]
[Black "Gusto_Mo"]
[Result "1-0"]
[WhiteElo "2040"]
[BlackElo "1504"]

1. e4 e5 2. Nf3 d6 3. d4 exd4 4. Qxd4 Nc6 5. Bb5 Bd7 6. Bxc6 Bxc6 7. Nc3 Nf6 8.
Bg5 Be7 9. O-O-O O-O 10. h4 h6 11. Nd5 hxg5 12. Nxe7+ Qxe7 13. hxg5 Nxe4 14. Rh5
a6 15. Rdh1 f5 16. g6 Be8 17. Rh8# 1-0

[Event "AUTO-OPEN-1160"]
[Site "http://www.queenalice.com/game.php?id=416858"]
[Date "2008.6.13"]
[Round "1"]
[White "Gusto_Mo"]
[Black "flodur"]
[Result "0-1"]
[WhiteElo "1527"]
[BlackElo "2105"]

1. e4 c5 2. Bc4 e6 3. Nc3 Nc6 4. Nf3 a6 5. d4 cxd4 6. Nxd4 Qc7 7. Nxc6 Qxc6 8.
Bd3 d6 9. O-O Nf6 10. Qe2 Be7 11. Bd2 O-O 12. h3 b5 13. a4 b4 14. Na2 a5 15. c3
b3 16. Bb5 Qxe4 17. Nc1 Qxe2 0-1

[Event "AUTO-OPEN-1160"]
[Site "http://www.queenalice.com/game.php?id=416871"]
[Date "2008.6.13"]
[Round "1"]
[White "Gusto_Mo"]
[Black "salso"]
[Result "0-1"]
[WhiteElo "1507"]
[BlackElo "2060"]

1. e4 e5 2. Bc4 Bc5 3. d3 Nc6 4. Nf3 d6 5. Ng5 Nh6 6. Qh5 Qf6 7. Nc3 Qxf2+ 8.
Kd1 Bg4+ 9. Qxg4 Nxg4 10. Bxf7+ Qxf7 11. Nxf7 Kxf7 12. Rf1+ Ke6 13. h3 Ne3+ 14.
Bxe3 Bxe3 15. Rf3 Bb6 16. Ne2 Raf8 17. Kd2 Rxf3 18. gxf3 Rf8 19. Rf1 g5 20. a3
Ne7 21. c4 Ng6 22. Nc3 c6 0-1

[Event "AUTO-OPEN-1160"]
[Site "http://www.queenalice.com/game.php?id=416872"]
[Date "2008.6.13"]
[Round "1"]
[White "salso"]
[Black "Gusto_Mo"]
[Result "1-0"]
[WhiteElo "2058"]
[BlackElo "1509"]

1. d4 e6 2. e4 b6 3. Nc3 Bb7 4. Bf4 h6 5. Nf3 Ne7 6. Bd3 d5 7. exd5 Nxd5 8. Nxd5
Bxd5 9. c3 Bd6 10. Qd2 Bxf3 11. gxf3 Qf6 12. Bxd6 cxd6 13. Bb5+ Nd7 14. Qe2 Rd8
15. O-O-O O-O 16. Rhg1 Qf4+ 17. Qe3 Qxe3+ 18. fxe3 d5 19. e4 dxe4 20. Bxd7 Rxd7
21. fxe4 Rfd8 22. Kc2 1-0

[Event "AUTO-OPEN-1166"]
[Site "http://www.queenalice.com/game.php?id=419660"]
[Date "2008.6.18"]
[Round "1"]
[White "Gusto_Mo"]
[Black "marlonpro"]
[Result "1-0"]
[WhiteElo "1515"]
[BlackElo "1305"]

1. e4 e5 2. Bc4 Qf6 3. Nf3 Bc5 4. d3 Nc6 5. Nc3 g5 6. Bxg5 Qg6 7. Nd5 Rb8 8.
Nxc7+ Kf8 9. Nd5 b5 10. Bb3 h6 11. Be3 1-0

[Event "AUTO-OPEN-1166"]
[Site "http://www.queenalice.com/game.php?id=419661"]
[Date "2008.6.18"]
[Round "1"]
[White "marlonpro"]
[Black "Gusto_Mo"]
[Result "0-1"]
[WhiteElo "1305"]
[BlackElo "1504"]

1. e4 e5 2. Be2 Qg5 3. h4 Qxg2 4. Bf3 Qg6 5. h5 Qb6 6. Nc3 Nf6 7. Nd5 Nxd5 8.
exd5 d6 9. Ne2 h6 10. Nc3 Nd7 11. Na4 Qa5 0-1

[Event "AUTO-INT-948"]
[Site "http://www.queenalice.com/game.php?id=425366"]
[Date "2008.6.30"]
[Round "1"]
[White "Gusto_Mo"]
[Black "Jane"]
[Result "0-1"]
[WhiteElo "1565"]
[BlackElo "1660"]

1. e4 e5 2. Bc4 Nf6 3. Nf3 Nc6 4. Ng5 Nxe4 5. Nxf7 Qf6 6. Qf3 Qxf3 7. gxf3 Nd4
8. Bd3 Kxf7 9. Bxe4 Bc5 10. c3 d5 11. cxd4 dxe4 12. dxc5 exf3 13. Nc3 Bf5 14.
Nd5 c6 15. Ne3 Bd3 16. Ng4 e4 0-1

[Event "AUTO-INT-948"]
[Site "http://www.queenalice.com/game.php?id=425367"]
[Date "2008.6.30"]
[Round "1"]
[White "Jane"]
[Black "Gusto_Mo"]
[Result "1-0"]
[WhiteElo "1656"]
[BlackElo "1553"]

1. e4 e5 2. Nf3 d6 3. Bc4 h6 4. d4 exd4 5. Nxd4 Qh4 6. Qf3 Qe7 7. Be3 Nd7 8. Nf5
Qf6 9. O-O Ne5 10. Qe2 Bxf5 11. exf5 a6 12. Nc3 Nxc4 13. Qxc4 O-O-O 14. Nd5 Qe7
15. Qd4 Qd7 16. f6 gxf6 17. Qa7 1-0

[Event "AUTO-INT-948"]
[Site "http://www.queenalice.com/game.php?id=425368"]
[Date "2008.6.30"]
[Round "1"]
[White "Gusto_Mo"]
[Black "Dyggo"]
[Result "0-1"]
[WhiteElo "1532"]
[BlackElo "1805"]

1. e4 c5 2. b3 Nc6 3. Bb2 d6 4. Na3 Nf6 5. Bxf6 gxf6 6. Nc4 Rg8 7. Nf3 Bg4 8.
Be2 f5 9. exf5 Bxf5 10. c3 Bh6 11. g3 Qd7 12. Nh4 Bh3 13. Qc2 Qe6 14. Qxh7 f5
15. Ne3 Rg7 0-1

[Event "AUTO-INT-948"]
[Site "http://www.queenalice.com/game.php?id=425369"]
[Date "2008.6.30"]
[Round "1"]
[White "Dyggo"]
[Black "Gusto_Mo"]
[Result "1-0"]
[WhiteElo "1800"]
[BlackElo "1537"]

1. e4 e5 2. Qh5 d6 3. Bc4 g6 4. Qf3 Nf6 5. d4 exd4 6. Bg5 Be7 7. h4 Nbd7 8. Qb3
O-O 9. f3 Nc5 10. Qa3 a6 11. b4 Ne6 12. Nd2 Nxg5 13. hxg5 Nh5 14. Ne2 Bxg5 15.
g3 Bxd2+ 16. Kxd2 1-0

[Event "AUTO-OPEN-1179"]
[Site "http://www.queenalice.com/game.php?id=425635"]
[Date "2008.6.30"]
[Round "1"]
[White "Lorfman"]
[Black "Gusto_Mo"]
[Result "1-0"]
[WhiteElo "2481"]
[BlackElo "1513"]

1. e4 e5 2. Nf3 d6 3. d4 exd4 4. Nxd4 Nf6 5. Nc3 a6 6. Be2 Be7 7. O-O h6 8. Qd3
Nbd7 9. Qg3 Ne5 10. f4 Ng6 11. f5 c5 12. fxg6 O-O 13. gxf7+ Rxf7 14. Bc4 d5 15.
Nxd5 cxd4 16. Bxh6 Be6 17. Nxf6+ Bxf6 18. Bxe6 d3 19. Bxf7+ Kxf7 20. Qxg7+ 1-0

[Event "AUTO-OPEN-1179"]
[Site "http://www.queenalice.com/game.php?id=425636"]
[Date "2008.6.30"]
[Round "1"]
[White "Gusto_Mo"]
[Black "Lorfman"]
[Result "0-1"]
[WhiteElo "1511"]
[BlackElo "2482"]

1. e4 c5 2. Nf3 Nc6 3. Bc4 d6 4. Ng5 e6 5. d3 d5 6. exd5 exd5 7. Qe2+ Be7 8. Bb5
Nf6 9. Bxc6+ bxc6 10. O-O O-O 11. Nd2 Bg4 12. f3 Bd7 13. f4 Re8 14. Qf2 Ng4 15.
Qh4 h6 16. f5 Ne3 17. Rf3 Bxg5 18. Qf2 Nxc2 19. Rb1 Nd4 20. Rg3 Ne2+ 0-1